00495nam a2200193Ia 4500003000400000005001700004008004100021020002200062040000700084041000800091082001900099100002400118245005700142260003800199300001700237365001300254650001800267650001600285OSt20230518161344.0210423s2012 xx 000 0 und d a978-0-07-058718-2 cAL aeng a511.5 BALS223 aBALAKRISHNAN (V K). aSchaums outlines theory and problems of graph theory aNew DelhibTata McGraw-hillc2012 aviii,293bPB b480cINR aGraphs Theory aMathematics